00759cam a22002417a 4500003000500000005001700005008004100022010001000063011001000073020001500083035001000098040000900108082001300117100002100130245009900151260004100250490005800291650002700349650002300376650003000399700003000429830005800459CHAP20220329142613.0020403d1998 us a r 00110 eng d a85561 a86533 a0815315619 a97071 cCHAP04a509bB8300aBud, Roberteed.10aInstruments of science :ban historical encyclopediac/ed. by Robert Bud & Deborah Jean Warner aLondon :bThe Science Museum,c1998. 0aGarland encyclopedias in the history of science ; v.214aCienciaxDiccionarios.14aCienciaxHistoria.14aCienciaxInvestigación.00aWarner, Deborah Jeaneed.00aGarland encyclopedias in the history of science ; v.2